| 000 | 00489nam a2200169Ia 4500 | ||
|---|---|---|---|
| 003 | GCL | ||
| 008 | 140319s9999 xx 000 0 eng d | ||
| 040 |
_aGCL / _cGCL |
||
| 082 | 0 | 4 |
_a158.2 _bF I |
| 100 | 1 | _aFISHER, AUBREY | |
| 245 | 1 | 0 |
_aINTERPERSONAL COMMUNICATION: PRAGMATICS OF HUMAN RELATIONSHIPS / _cFISHER, AUBREY |
| 260 |
_a[S.N] : _bMC GRAW - HILL ، _c1994 |
||
| 300 | _a462 P | ||
| 650 | 0 | 4 | _aINTERPERSONAL RELALIONS |
| 650 | 0 | 4 | _aINTERPERSONAL COMMUNICATION |
| 942 |
_2ddc _cBK |
||
| 999 |
_c24663 _d24663 |
||